000 00676nam a2200289Ia 4500
008 210210b2011 xxu||||| |||| 00| 0 eng d
020 _a9780070703421
041 _aeng
082 _a658.002 SHAH
100 _aSHARMA (Arun)
245 _aHow to prepare for quantitative aptitude for the CAT Ed 3
250 _a
260 _aNew Delhi
_bTata McGraw Hill Education Pvt. Ltd.
_c2011
300 _axxx,622
650 _ato
650 _athe
650 _aquantitative
650 _aprepare
650 _aHow
650 _afor
650 _aEd
650 _aCAT
650 _aaptitude
650 _a3
690 _aManagement Entrance
906 _a064847
999 _c141944
_d141944